000 00242nam a2200097Ia 4500
008 190216s9999||||xx |||||||||||||| ||und||
100 _aPichamuthu C S
245 0 _aIndiayude Boudika Boomishashthram
260 _bKerala Basha Inst
942 _cBK
999 _c38901
_d38901